000 00355 a2200109 4500
001 ART_59901
005 20260410161823.0
008 260409a
245 1 0 _a¿Amerita revisión el proceso de fiscalización tributaria?
100 1 _aVega, Gerardo E.
773 0 _tDoctrina Penal Tributaria y Económica
_g- N° 70 (dic. 2023)
_wREV4317
999 _c22545
_d22545